Central Library || Chittagong University

The ethics of Aristotle.// (Record no. 112130)

MARC details
000 -LEADER
fixed length control field 00434nam a22001697a 4500
003 - CONTROL NUMBER IDENTIFIER
control field BD-ChCU
005 - DATE AND TIME OF LATEST TRANSACTION
control field 20260408092457.0
008 - FIXED-LENGTH DATA ELEMENTS--GENERAL INFORMATION
fixed length control field 260408b bg ||||| |||| 00| 0 ben d
040 ## - CATALOGING SOURCE
Transcribing agency BD-ChCU
082 ## - DEWEY DECIMAL CLASSIFICATION NUMBER
Classification number 172THE
100 ## - MAIN ENTRY--PERSONAL NAME
Personal name Thomson, J. A. K.
9 (RLIN) 21336
245 ## - TITLE STATEMENT
Title The ethics of Aristotle.//
Statement of responsibility, etc. J. A. K. Thomson.
260 ## - PUBLICATION, DISTRIBUTION, ETC.
Place of publication, distribution, etc. London.
Name of publisher, distributor, etc. Allen & Unwin.
Date of publication, distribution, etc. 1963
300 ## - PHYSICAL DESCRIPTION
Extent 289p
650 #0 - SUBJECT ADDED ENTRY--TOPICAL TERM
Topical term or geographic name entry element Ethics.
9 (RLIN) 21337
942 ## - ADDED ENTRY ELEMENTS (KOHA)
Source of classification or shelving scheme Dewey Decimal Classification
Koha item type Books
Suppress in OPAC No
Holdings
Withdrawn status Lost status Source of classification or shelving scheme Damaged status Not for loan Home library Current library Shelving location Date acquired Source of acquisition Total Checkouts Full call number Barcode Date last seen Copy number Price effective from Koha item type
    Dewey Decimal Classification     Chittagong University Library Chittagong University Library Arts and Humanities Reading Room 04/08/2026 Purchase   172 THE 14794 04/08/2026 C-1 04/08/2026 Books
    Dewey Decimal Classification     Chittagong University Library Chittagong University Library Arts and Humanities Reading Room 04/08/2026 Purchase   172 THE 31619 04/08/2026 C-2 04/08/2026 Books
    Dewey Decimal Classification     Chittagong University Library Chittagong University Library Arts and Humanities Reading Room 04/08/2026 Purchase   172 THE 31620 04/08/2026 C-3 04/08/2026 Books
    Dewey Decimal Classification     Chittagong University Library Philosophy Seminar Library Arts and Humanities Reading Room 04/08/2026 Purchase   172 THE 57676 04/08/2026 C-4 04/08/2026 Books
© Copyright 2026. Chittagong University Library, Installation and Maintenance by Prof. Dr. Md. Alamgir, 01711306253